000 00331pab a2200145 454500
008 180718b1999 xxu||||| |||| 00| 0 eng d
100 _aCraig, Paul
245 _aCompeting models of judicial review
260 _c1999
300 _ap.428-47
362 _aAutumn
650 _aJudiciary
773 _aPublic Law
909 _a42741
999 _c42741
_d42741